<?xml version="1.0" encoding="UTF-8"?>
<collection xmlns="http://www.loc.gov/MARC21/slim">
 <record>
  <leader>01082nam a2200265 a 4500</leader>
  <controlfield tag="001">15910124</controlfield>
  <controlfield tag="008">130723s2010    enka     b    001 0 eng d</controlfield>
  <datafield tag="010" ind1=" " ind2=" ">
   <subfield code="a">  2009037005</subfield>
  </datafield>
  <datafield tag="020" ind1=" " ind2=" ">
   <subfield code="a">9780749455323</subfield>
  </datafield>
  <datafield tag="020" ind1=" " ind2=" ">
   <subfield code="a">0749455322</subfield>
  </datafield>
  <datafield tag="040" ind1=" " ind2=" ">
   <subfield code="a">DLC</subfield>
   <subfield code="c">DLC</subfield>
   <subfield code="d">YDX</subfield>
   <subfield code="d">UKM</subfield>
   <subfield code="d">YDXCP</subfield>
   <subfield code="d">CDX</subfield>
   <subfield code="d">DLC</subfield>
   <subfield code="d">BD-DhAAL.</subfield>
  </datafield>
  <datafield tag="082" ind1="0" ind2="0">
   <subfield code="a">658.4/092</subfield>
   <subfield code="2">22</subfield>
  </datafield>
  <datafield tag="245" ind1="0" ind2="0">
   <subfield code="a">Leadership coaching :</subfield>
   <subfield code="b">working with leaders to develop elite performance /</subfield>
   <subfield code="c">edited by Jonathan Passmore.</subfield>
  </datafield>
  <datafield tag="260" ind1=" " ind2=" ">
   <subfield code="a">[London] :</subfield>
   <subfield code="b">Association for Coaching ;</subfield>
   <subfield code="a">London ;</subfield>
   <subfield code="a">Philadelphia :</subfield>
   <subfield code="b">Kogan Page,</subfield>
   <subfield code="c">2010.</subfield>
  </datafield>
  <datafield tag="300" ind1=" " ind2=" ">
   <subfield code="a">xxii, 313 p. :</subfield>
   <subfield code="b">ill. ;</subfield>
   <subfield code="c">24 cm.</subfield>
  </datafield>
  <datafield tag="504" ind1=" " ind2=" ">
   <subfield code="a">Includes bibliographical references and index.</subfield>
  </datafield>
  <datafield tag="541" ind1=" " ind2=" ">
   <subfield code="e">00027247</subfield>
  </datafield>
  <datafield tag="650" ind1=" " ind2="0">
   <subfield code="a">Leadership.</subfield>
  </datafield>
  <datafield tag="650" ind1=" " ind2="0">
   <subfield code="a">Executives</subfield>
   <subfield code="x">Training of.</subfield>
  </datafield>
  <datafield tag="650" ind1=" " ind2="0">
   <subfield code="a">Mentoring in business.</subfield>
  </datafield>
  <datafield tag="650" ind1=" " ind2="0">
   <subfield code="a">Executive ability.</subfield>
  </datafield>
  <datafield tag="700" ind1="1" ind2=" ">
   <subfield code="a">Passmore, Jonathan.</subfield>
  </datafield>
  <datafield tag="852" ind1="1" ind2=" ">
   <subfield code="a">Ayesha Abed Library</subfield>
   <subfield code="j">General shelf.</subfield>
  </datafield>
  <datafield tag="999" ind1=" " ind2=" ">
   <subfield code="c">13708</subfield>
   <subfield code="d">13708</subfield>
  </datafield>
  <datafield tag="952" ind1=" " ind2=" ">
   <subfield code="0">0</subfield>
   <subfield code="1">0</subfield>
   <subfield code="2">ddc</subfield>
   <subfield code="4">0</subfield>
   <subfield code="6">658_409200000000000_LEA</subfield>
   <subfield code="7">0</subfield>
   <subfield code="9">22949</subfield>
   <subfield code="a">IGS</subfield>
   <subfield code="b">IGS</subfield>
   <subfield code="c">GEN</subfield>
   <subfield code="d">2013-07-24</subfield>
   <subfield code="e">Paragon Enterprises Ltd.</subfield>
   <subfield code="g">2739.00</subfield>
   <subfield code="l">0</subfield>
   <subfield code="o">658.4092 LEA</subfield>
   <subfield code="p">3010027247</subfield>
   <subfield code="r">2013-07-24</subfield>
   <subfield code="t">1</subfield>
   <subfield code="w">2013-07-24</subfield>
   <subfield code="y">BK</subfield>
  </datafield>
 </record>
</collection>
